Pays ayant le plus haut point culminant - Statistiques

Statistiques générales
  • Ce quiz a été pris 53 156 fois
  • Le résultat moyen est 14 sur 20
Statistiques - réponses
Altitude Pays % Correct
8848 m Chine
96%
8848 m Népal
93%
8586 m Inde
89%
5642 m Russie
87%
6190 m Etats-Unis
85%
6893 m Chili
83%
6960 m Argentine
78%
5959 m Canada
77%
6768 m Pérou
77%
8611 m Pakistan
76%
7570 m Bhoutan
66%
6542 m Bolivie
66%
7010 m Kazakhstan
65%
7492 m Afghanistan
63%
5775 m Colombie
63%
6267 m Équateur
57%
7495 m Tadjikistan
57%
7439 m Kirghizistan
56%
5892 m Tanzanie
52%
5881 m Birmanie
39%
Aucun quiz correspondant
Distribution des résultats
% des personnes avec chaque résultat
Percentile par nombre de réponses
Votre historique - résultats
Vous n’avez pas pris ce quiz